| 000 | 00956cab a22002175a 4500 | ||
|---|---|---|---|
| 001 | L142034 | ||
| 008 | 080122e20080119xxk f 000 0 eng d | ||
| 035 | _a(Sirsi) u142034 | ||
| 041 | 0 | _aeng | |
| 100 | 1 | _aCunningham, Daniel | |
| 245 | 0 | 0 |
_aFocus _bHertfordshire |
| 260 | _c2008 | ||
| 490 |
_aEstates Gazette _v(0802) 19 January 2008, 107-121(9) |
||
| 520 | _aReports on a regeneration project in the east of Hatfield town centre. Presents an overview of Hertfordshire's office market, showing the occupiers are not keen to relocate and developers are responding by pausing in their development plans. Considers the causes of problems with the property market. Examines the reasons for St Alban?s council?s refusal of planning consent for a rail freight depot. | ||
| 590 | _aKA | ||
| 651 | 4 |
_aEngland _y886- |
|
| 690 | _aPROPERTY-COMMERCIAL PROPERTY-COMMERCIAL PROPERTY MARKET | ||
| 700 | 1 | _aAlexander, Mark | |
| 700 | 1 | _aNeale, Jon | |
| 942 | _n0 | ||
| 999 |
_c79708 _d79708 |
||